[Event "DEM U12 2022"]
[Site "Willingen GER"]
[Date "2022.06.08"]
[Round "5"]
[White "Kullmann, Max"]
[Black "Seth, Aakrit"]
[Result "1/2-1/2"]
[Termination "normal"]
[Board "15"]
[WhiteElo "1442"]
[BlackElo "1467"]
[WhiteClock "00:07:03"]
[BlackClock "00:07:11"]
[PlyCount "132"]
[WhiteFideId "16218574"]
[BlackFideId "34604812"]
[EventCountry "GER"]
[EventRounds "9"]
[EventType "swiss"]
[EventDate "2022.06.04"]

1. d4 {[%clk 01:30:56]} {[%emt 00:00:03]} d5 {[%clk 01:30:56]} {[%emt
00:00:05]} 2. c4 {[%clk 01:31:23]} {[%emt 00:00:04]} e6 {[%clk 01:31:21]}
{[%emt 00:00:04]} 3. Nc3 {[%clk 01:31:39]} {[%emt 00:00:14]} Nf6 {[%clk
01:31:46]} {[%emt 00:00:05]} 4. Bg5 {[%clk 01:31:55]} {[%emt 00:00:14]} Be7
{[%clk 01:32:07]} {[%emt 00:00:08]} 5. cxd5 {[%clk 01:32:04]} {[%emt 00:00:21]}
exd5 {[%clk 01:32:28]} {[%emt 00:00:09]} 6. e3 {[%clk 01:32:23]} {[%emt
00:00:11]} O-O {[%clk 01:32:47]} {[%emt 00:00:11]} 7. Nf3 {[%clk 01:32:41]}
{[%emt 00:00:12]} Nbd7 {[%clk 01:33:07]} {[%emt 00:00:10]} 8. Bd3 {[%clk
01:32:35]} {[%emt 00:00:36]} b6 {[%clk 01:33:29]} {[%emt 00:00:08]} 9. O-O
{[%clk 01:32:45]} {[%emt 00:00:20]} Bb7 {[%clk 01:33:56]} {[%emt 00:00:04]} 10.
Qc2 {[%clk 01:32:44]} {[%emt 00:00:30]} h6 {[%clk 01:34:17]} {[%emt 00:00:09]}
11. Bh4 {[%clk 01:31:24]} {[%emt 00:01:51]} c5 {[%clk 01:34:37]} {[%emt
00:00:09]} 12. Rac1 {[%clk 01:29:59]} {[%emt 00:01:55]} Rc8 {[%clk 01:34:54]}
{[%emt 00:00:13]} 13. Rfd1 {[%clk 01:27:53]} {[%emt 00:02:36]} Re8 {[%clk
01:32:39]} {[%emt 00:02:43]} 14. Qe2 {[%clk 01:22:06]} {[%emt 00:06:19]} c4
{[%clk 01:23:43]} {[%emt 00:09:26]} 15. Bb1 {[%clk 01:07:50]} {[%emt 00:14:46]}
a6 {[%clk 01:23:13]} {[%emt 00:00:59]} 16. Qc2 {[%clk 00:57:58]} {[%emt
00:10:23]} b5 {[%clk 01:19:25]} {[%emt 00:04:18]} 17. Ne5 {[%clk 00:49:56]}
{[%emt 00:08:32]} g5 {[%clk 00:56:23]} {[%emt 00:23:31]} 18. Bg3 {[%clk
00:43:41]} {[%emt 00:06:45]} Rf8 {[%clk 00:52:48]} {[%emt 00:04:06]} 19. Ng4
{[%clk 00:31:59]} {[%emt 00:12:10]} Kg7 {[%clk 00:48:20]} {[%emt 00:04:58]} 20.
Nxf6 {[%clk 00:16:23]} {[%emt 00:16:06]} Nxf6 {[%clk 00:48:33]} {[%emt
00:00:17]} 21. Be5 {[%clk 00:16:32]} {[%emt 00:00:22]} Rh8 {[%clk 00:48:36]}
{[%emt 00:00:20]} 22. Qf5 {[%clk 00:13:55]} {[%emt 00:03:13]} Rc6 {[%clk
00:47:16]} {[%emt 00:01:51]} 23. h3 {[%clk 00:11:02]} {[%emt 00:03:23]} Re6
{[%clk 00:32:22]} {[%emt 00:15:22]} 24. e4 {[%clk 00:06:25]} {[%emt 00:05:10]}
dxe4 {[%clk 00:19:18]} {[%emt 00:13:32]} 25. d5 {[%clk 00:06:04]} {[%emt
00:00:52]} Rb6 {[%clk 00:16:47]} {[%emt 00:03:00]} 26. Nxe4 {[%clk 00:05:39]}
{[%emt 00:00:56]} Bc8 {[%clk 00:09:08]} {[%emt 00:08:07]} 27. Qf3 {[%clk
00:05:16]} {[%emt 00:00:54]} Bb7 {[%clk 00:07:15]} {[%emt 00:02:21]} 28. d6
{[%clk 00:04:51]} {[%emt 00:00:58]} Bxe4 {[%clk 00:07:28]} {[%emt 00:00:16]}
29. dxe7 {[%clk 00:04:21]} {[%emt 00:01:00]} Qxe7 {[%clk 00:07:47]} {[%emt
00:00:10]} 30. Bxf6+ {[%clk 00:04:22]} {[%emt 00:00:30]} Qxf6 {[%clk 00:07:41]}
{[%emt 00:00:35]} 31. Qxe4 {[%clk 00:04:39]} {[%emt 00:00:13]} Re6 {[%clk
00:07:52]} {[%emt 00:00:18]} 32. Qc2 {[%clk 00:04:24]} {[%emt 00:00:45]} Rhe8
{[%clk 00:06:06]} {[%emt 00:02:17]} 33. Qc3 {[%clk 00:04:11]} {[%emt 00:00:42]}
Re5 {[%clk 00:05:53]} {[%emt 00:00:42]} 34. Kf1 {[%clk 00:03:20]} {[%emt
00:01:21]} b4 {[%clk 00:05:45]} {[%emt 00:00:36]} 35. Qxc4 {[%clk 00:03:05]}
{[%emt 00:00:47]} Re2 {[%clk 00:05:30]} {[%emt 00:00:46]} 36. Qd4 {[%clk
00:03:03]} {[%emt 00:00:32]} Re1+ {[%clk 00:05:47]} {[%emt 00:00:12]} 37. Rxe1
{[%clk 00:03:14]} {[%emt 00:00:20]} Rxe1+ {[%clk 00:06:12]} {[%emt 00:00:04]}
38. Rxe1 {[%clk 00:03:34]} {[%emt 00:00:10]} Qxd4 {[%clk 00:06:36]} {[%emt
00:00:06]} 39. Re2 {[%clk 00:03:28]} {[%emt 00:00:36]} a5 {[%clk 00:06:37]}
{[%emt 00:00:28]} 40. b3 {[%clk 00:03:49]} {[%emt 00:00:11]} Qd7 {[%clk
00:04:57]} {[%emt 00:02:06]} 41. Bc2 {[%clk 00:03:00]} {[%emt 00:01:22]} Qd4
{[%clk 00:04:42]} {[%emt 00:00:29]} 42. Bb1 {[%clk 00:29:28]} {[%emt 00:04:17]}
Qa1 {[%clk 00:34:21]} {[%emt 00:00:32]} 43. Re1 {[%clk 00:29:29]} {[%emt
00:00:49]} Qb2 {[%clk 00:34:37]} {[%emt 00:00:10]} 44. Kg1 {[%clk 00:29:11]}
{[%emt 00:00:51]} a4 {[%clk 00:33:19]} {[%emt 00:01:46]} 45. bxa4 {[%clk
00:29:14]} {[%emt 00:00:29]} Qa3 {[%clk 00:33:39]} {[%emt 00:00:07]} 46. Kf1
{[%clk 00:29:11]} {[%emt 00:00:37]} Qxa4 {[%clk 00:33:54]} {[%emt 00:00:15]}
47. Re2 {[%clk 00:28:21]} {[%emt 00:01:20]} b3 {[%clk 00:33:30]} {[%emt
00:00:52]} 48. axb3 {[%clk 00:28:09]} {[%emt 00:00:43]} Qxb3 {[%clk 00:33:34]}
{[%emt 00:00:25]} 49. Be4 {[%clk 00:26:54]} {[%emt 00:01:47]} Qb5 {[%clk
00:31:49]} {[%emt 00:02:12]} 50. g3 {[%emt 00:02:02]} f5 {[%clk 00:31:49]} 51.
Bf3 {[%clk 00:25:32]} {[%emt 00:00:52]} Qc4 {[%clk 00:28:42]} {[%emt 00:03:34]}
52. g4 {[%clk 00:24:13]} {[%emt 00:01:52]} fxg4 {[%clk 00:27:22]} {[%emt
00:01:50]} 53. hxg4 {[%clk 00:19:15]} {[%emt 00:05:28]} Qd3 {[%clk 00:26:01]}
{[%emt 00:01:47]} 54. Kg2 {[%clk 00:19:32]} {[%emt 00:00:17]} Qc4 {[%clk
00:22:20]} {[%emt 00:03:54]} 55. Re3 {[%clk 00:16:56]} {[%emt 00:03:22]} Qf4
{[%clk 00:19:23]} {[%emt 00:03:19]} 56. Re4 {[%clk 00:15:35]} {[%emt 00:01:58]}
Qd6 {[%clk 00:18:37]} {[%emt 00:01:10]} 57. Rc4 {[%clk 00:12:18]} {[%emt
00:03:54]} Qd7 {[%clk 00:16:26]} {[%emt 00:02:40]} 58. Rc5 {[%clk 00:11:05]}
{[%emt 00:01:44]} Kf6 {[%clk 00:13:12]} {[%emt 00:03:43]} 59. Rf5+ {[%clk
00:10:50]} {[%emt 00:00:46]} Kg7 {[%clk 00:12:09]} {[%emt 00:01:32]} 60. Bd5
{[%clk 00:09:18]} {[%emt 00:02:03]} Qd6 {[%clk 00:10:30]} {[%emt 00:02:05]} 61.
f3 {[%clk 00:07:55]} {[%emt 00:01:57]} Qa3 {[%clk 00:09:36]} {[%emt 00:01:21]}
62. Bf7 {[%clk 00:07:12]} {[%emt 00:01:15]} Qb2+ {[%clk 00:09:22]} {[%emt
00:00:44]} 63. Kg3 {[%clk 00:07:12]} {[%emt 00:00:29]} Qb8+ {[%clk 00:06:34]}
{[%emt 00:03:19]} 64. Kh3 {[%clk 00:07:00]} {[%emt 00:00:41]} Qb1 {[%clk
00:06:48]} {[%emt 00:00:17]} 65. Bh5 {[%clk 00:06:40]} {[%emt 00:00:52]} Qh1+
{[%clk 00:07:00]} {[%emt 00:00:16]} 66. Kg3 {[%clk 00:07:03]} {[%emt 00:00:08]}
Qg1+ {[%clk 00:07:11]} {[%emt 00:00:19]} 1/2-1/2

[Event "DEM U12 2022"]
[Site "Willingen GER"]
[Date "2022.06.08"]
[Round "5"]
[White "Herrmann, Jakob"]
[Black "Dodul, Arthur"]
[Result "1/2-1/2"]
[Termination "normal"]
[Board "19"]
[WhiteElo "1803"]
[BlackElo "1443"]
[WhiteClock "00:37:31"]
[BlackClock "00:45:30"]
[PlyCount "80"]
[WhiteFideId "16287169"]
[BlackFideId "34609016"]
[EventCountry "GER"]
[EventRounds "9"]
[EventType "swiss"]
[EventDate "2022.06.04"]

1. e4 {[%clk 01:30:57]} {[%emt 00:00:03]} e5 {[%clk 01:30:46]} {[%emt
00:00:14]} 2. Nf3 {[%clk 01:31:13]} {[%emt 00:00:15]} Nc6 {[%clk 01:31:01]}
{[%emt 00:00:15]} 3. d4 {[%clk 01:31:23]} {[%emt 00:00:20]} exd4 {[%clk
01:31:09]} {[%emt 00:00:20]} 4. Nxd4 {[%clk 01:31:41]} {[%emt 00:00:14]} Bc5
{[%clk 01:31:09]} {[%emt 00:00:29]} 5. Be3 {[%clk 01:31:49]} {[%emt 00:00:23]}
Qf6 {[%clk 01:31:09]} {[%emt 00:00:29]} 6. c3 {[%clk 01:32:08]} {[%emt
00:00:11]} Nge7 {[%clk 01:31:04]} {[%emt 00:00:35]} 7. Bc4 {[%clk 01:32:24]}
{[%emt 00:00:14]} d6 {[%clk 01:31:01]} {[%emt 00:00:34]} 8. O-O {[%clk
01:32:19]} {[%emt 00:00:34]} O-O {[%clk 01:30:53]} {[%emt 00:00:38]} 9. Nxc6
{[%clk 01:32:02]} {[%emt 00:00:47]} Nxc6 {[%clk 01:30:43]} {[%emt 00:00:38]}
10. Bxc5 {[%clk 01:31:33]} {[%emt 00:01:02]} dxc5 {[%clk 01:30:51]} {[%emt
00:00:21]} 11. Nd2 {[%clk 01:29:04]} {[%emt 00:02:59]} Qg6 {[%clk 01:25:54]}
{[%emt 00:05:22]} 12. f4 {[%clk 01:25:37]} {[%emt 00:04:02]} b6 {[%clk
01:21:13]} {[%emt 00:05:11]} 13. Bd5 {[%clk 01:22:22]} {[%emt 00:03:46]} Bb7
{[%clk 01:20:50]} {[%emt 00:00:50]} 14. Nc4 {[%clk 01:19:01]} {[%emt 00:03:53]}
Ba6 {[%clk 01:18:14]} {[%emt 00:03:03]} 15. Qa4 {[%clk 01:09:26]} {[%emt
00:10:08]} Bxc4 {[%clk 01:14:49]} {[%emt 00:03:55]} 16. Qxc4 {[%clk 01:09:07]}
{[%emt 00:00:49]} Rad8 {[%clk 01:13:58]} {[%emt 00:01:15]} 17. b4 {[%clk
01:01:45]} {[%emt 00:07:58]} Ne7 {[%clk 01:12:05]} {[%emt 00:02:19]} 18. bxc5
{[%clk 01:01:05]} {[%emt 00:01:15]} c6 {[%clk 01:08:53]} {[%emt 00:03:41]} 19.
Rad1 {[%clk 00:57:49]} {[%emt 00:03:46]} cxd5 {[%clk 01:08:40]} {[%emt
00:00:43]} 20. exd5 {[%clk 00:58:11]} {[%emt 00:00:08]} bxc5 {[%clk 01:08:16]}
{[%emt 00:00:55]} 21. Qxc5 {[%clk 00:58:31]} {[%emt 00:00:10]} Qb6 {[%clk
01:07:04]} {[%emt 00:01:40]} 22. Qxb6 {[%clk 00:55:17]} {[%emt 00:03:46]} axb6
{[%clk 01:07:29]} {[%emt 00:00:04]} 23. c4 {[%clk 00:55:14]} {[%emt 00:00:33]}
Nf5 {[%clk 01:07:39]} {[%emt 00:00:17]} 24. Rb1 {[%clk 00:52:51]} {[%emt
00:02:57]} Ne3 {[%clk 01:06:02]} {[%emt 00:02:05]} 25. Rfc1 {[%clk 00:52:59]}
{[%emt 00:00:23]} Ra8 {[%clk 01:04:36]} {[%emt 00:01:52]} 26. Rxb6 {[%clk
00:51:08]} {[%emt 00:02:25]} Rxa2 {[%clk 01:04:21]} {[%emt 00:00:44]} 27. d6
{[%clk 00:51:27]} {[%emt 00:00:11]} Rxg2+ {[%clk 01:04:17]} {[%emt 00:00:34]}
28. Kh1 {[%clk 00:51:52]} {[%emt 00:00:05]} Rg6 {[%clk 01:03:40]} {[%emt
00:01:05]} 29. c5 {[%clk 00:50:14]} {[%emt 00:02:11]} Ng4 {[%clk 01:03:03]}
{[%emt 00:01:07]} 30. Rb2 {[%clk 00:48:17]} {[%emt 00:02:27]} h5 {[%clk
00:51:24]} {[%emt 00:12:08]} 31. c6 {[%clk 00:43:40]} {[%emt 00:05:08]} Rxd6
{[%clk 00:50:57]} {[%emt 00:00:56]} 32. c7 {[%clk 00:44:05]} {[%emt 00:00:05]}
Re6 {[%clk 00:49:36]} {[%emt 00:01:47]} 33. Rb8 {[%clk 00:41:51]} {[%emt
00:02:48]} Ree8 {[%clk 00:49:35]} {[%emt 00:00:29]} 34. Rcb1 {[%clk 00:37:50]}
{[%emt 00:04:33]} Kh7 {[%clk 00:46:57]} {[%emt 00:03:06]} 35. Rxe8 {[%clk
00:35:53]} {[%emt 00:02:30]} Rxe8 {[%clk 00:47:15]} {[%emt 00:00:10]} 36. Rb8
{[%clk 00:36:07]} {[%emt 00:00:17]} Re1+ {[%clk 00:47:36]} {[%emt 00:00:08]}
37. Kg2 {[%clk 00:36:29]} {[%emt 00:00:09]} Re2+ {[%clk 00:47:13]} {[%emt
00:00:53]} 38. Kg3 {[%clk 00:36:42]} {[%emt 00:00:17]} Rc2 {[%clk 00:47:06]}
{[%emt 00:00:36]} 39. c8=Q {[%clk 00:37:03]} {[%emt 00:00:11]} Rxc8 {[%clk
00:47:06]} {[%emt 00:00:29]} 40. Rxc8 {[%clk 00:37:31]} {[%emt 00:00:02]} Nf6
{[%clk 00:45:30]} {[%emt 00:02:04]} 1/2-1/2

[Event "DEM U12 2022"]
[Site "Willingen GER"]
[Date "2022.06.08"]
[Round "5"]
[White "Mündörfer, Sebastian"]
[Black "Büchel, David"]
[Result "0-1"]
[Termination "normal"]
[Board "22"]
[WhiteElo "1254"]
[BlackElo "1527"]
[WhiteClock "01:02:13"]
[BlackClock "00:30:38"]
[PlyCount "57"]
[WhiteFideId "34604367"]
[BlackFideId "34603689"]
[EventCountry "GER"]
[EventRounds "9"]
[EventType "swiss"]
[EventDate "2022.06.04"]

1. d4 {[%clk 01:31:00]} Nf6 {[%clk 01:30:52]} {[%emt 00:00:08]} 2. c4 {[%clk
01:31:28]} {[%emt 00:00:02]} g6 {[%clk 01:31:15]} {[%emt 00:00:06]} 3. Nc3
{[%clk 01:31:54]} {[%emt 00:00:04]} Bg7 {[%clk 01:31:38]} {[%emt 00:00:07]} 4.
Nf3 {[%clk 01:32:17]} {[%emt 00:00:07]} O-O {[%clk 01:32:00]} {[%emt 00:00:09]}
5. Bg5 {[%clk 01:32:32]} {[%emt 00:00:15]} d6 {[%clk 01:32:22]} {[%emt
00:00:07]} 6. e3 {[%clk 01:32:53]} {[%emt 00:00:09]} Nbd7 {[%clk 01:32:31]}
{[%emt 00:00:22]} 7. Be2 {[%clk 01:33:17]} {[%emt 00:00:06]} e5 {[%clk
01:32:27]} {[%emt 00:00:33]} 8. dxe5 {[%clk 01:33:41]} {[%emt 00:00:05]} dxe5
{[%clk 01:32:44]} {[%emt 00:00:13]} 9. Qc2 {[%clk 01:31:28]} {[%emt 00:02:44]}
h6 {[%clk 01:24:57]} {[%emt 00:08:16]} 10. Bh4 {[%clk 01:30:54]} {[%emt
00:01:05]} g5 {[%clk 01:21:11]} {[%emt 00:04:15]} 11. Bg3 {[%clk 01:31:17]}
{[%emt 00:00:08]} Qe7 {[%clk 01:21:15]} {[%emt 00:00:25]} 12. Nd2 {[%clk
01:31:21]} {[%emt 00:00:27]} c6 {[%clk 01:16:02]} {[%emt 00:05:43]} 13. O-O
{[%clk 01:26:31]} {[%emt 00:05:20]} Ne8 {[%clk 01:13:42]} {[%emt 00:02:50]} 14.
Rab1 {[%clk 01:18:22]} {[%emt 00:08:39]} f5 {[%clk 01:11:06]} {[%emt 00:03:05]}
15. f3 {[%clk 01:18:37]} {[%emt 00:00:15]} Ndf6 {[%clk 01:02:42]} {[%emt
00:08:55]} 16. b4 {[%clk 01:14:08]} {[%emt 00:04:59]} h5 {[%clk 00:57:10]}
{[%emt 00:06:02]} 17. f4 {[%clk 01:12:36]} {[%emt 00:02:02]} exf4 {[%clk
00:48:56]} {[%emt 00:08:43]} 18. exf4 {[%clk 01:12:54]} {[%emt 00:00:13]} Ng4
{[%clk 00:46:43]} {[%emt 00:02:43]} 19. Bxg4 {[%clk 01:12:49]} {[%emt
00:00:34]} Qe3+ {[%clk 00:45:51]} {[%emt 00:01:22]} 20. Rf2 {[%clk 01:11:12]}
{[%emt 00:02:08]} fxg4 {[%clk 00:40:16]} {[%emt 00:06:05]} 21. Nd1 {[%clk
01:07:17]} {[%emt 00:04:24]} Qe7 {[%clk 00:33:54]} {[%emt 00:06:52]} 22. Nb3
{[%clk 01:05:17]} {[%emt 00:02:30]} Bf5 {[%clk 00:32:29]} {[%emt 00:01:55]} 23.
Qc1 {[%clk 01:03:27]} {[%emt 00:02:20]} Bxb1 {[%clk 00:32:07]} {[%emt
00:00:53]} 24. Qxb1 {[%clk 01:03:51]} {[%emt 00:00:06]} h4 {[%clk 00:31:54]}
{[%emt 00:00:43]} 25. f5 {[%clk 01:02:36]} {[%emt 00:01:45]} hxg3 {[%clk
00:31:44]} {[%emt 00:00:40]} 26. hxg3 {[%clk 01:02:58]} {[%emt 00:00:07]} Qe1+
{[%clk 00:31:30]} {[%emt 00:00:43]} 27. Rf1 {[%clk 01:03:21]} {[%emt 00:00:08]}
Qxg3 {[%clk 00:31:47]} {[%emt 00:00:14]} 28. Qe4 {[%clk 01:02:32]} {[%emt
00:01:19]} Nf6 {[%clk 00:30:38]} {[%emt 00:01:39]} 29. Nd4 {[%clk 01:02:13]}
{[%emt 00:00:48]} 0-1

[Event "DEM U12 2022"]
[Site "Willingen GER"]
[Date "2022.06.08"]
[Round "5"]
[White "Halich, Jan Finnian"]
[Black "Hellenbroich, Hanno"]
[Result "0-1"]
[Termination "normal"]
[Board "28"]
[WhiteElo "877"]
[BlackElo "1274"]
[PlyCount "100"]
[WhiteFideId "34623710"]
[BlackFideId "16270762"]
[EventCountry "GER"]
[EventRounds "9"]
[EventType "swiss"]
[EventDate "2022.06.04"]

1. d4 Nf6 2. c4 g6 3. Nc3 Bg7 4. e4 d6 5. Nf3 O-O 6. Be2 Nbd7 7. O-O e5 8. d5
a5 9. Ne1 Nc5 10. f3 Nh5 11. a3 Nf4 12. Nd3 Ncxd3 13. Bxd3 Qg5 14. Qc2 Qh5 15.
Nb5 Bd7 16. a4 Bxb5 17. axb5 b6 18. Bd2 Qg5 19. Bxf4 exf4 20. Ra2 Bd4+ 21. Kh1
h5 22. Re1 Qe5 23. b3 Kg7 24. Rb1 Rh8 25. b4 g5 26. Be2 Bf2 27. Qb2 Qxb2 28.
Rbxb2 a4 29. Bd1 Bd4 30. Rb1 a3 31. Rb3 Bb2 32. Kg1 Rhe8 33. Bc2 f5 34. Kf2 Bc1
35. Ke2 g4 36. Kf2 h4 37. g3 gxf3 38. Rxf3 fxe4 39. Rxf4 Bxf4 40. gxf4 e3+ 41.
Ke2 Kh6 42. Bf5 Rf8 43. Be6 Rxf4 44. Kxe3 Rxc4 45. Bd7 Rxb4 46. Bc6 Raa4 47.
Rf2 Re4+ 48. Kf3 Rf4+ 49. Ke3 Rxf2 50. Kxf2 a2 0-1

[Event "DEM U12 2022"]
[Site "Willingen GER"]
[Date "2022.06.08"]
[Round "5"]
[White "Böhler, Yannic"]
[Black "Draude, Theo"]
[Result "0-1"]
[Termination "normal"]
[Board "29"]
[WhiteElo "1361"]
[BlackElo "1397"]
[PlyCount "134"]
[WhiteFideId "34609059"]
[BlackFideId "34623809"]
[EventCountry "GER"]
[EventRounds "9"]
[EventType "swiss"]
[EventDate "2022.06.04"]

1. c4 c5 2. Nc3 g6 3. g3 Nc6 4. Bg2 Bg7 5. Nf3 e5 6. O-O Nge7 7. d3 O-O 8. Nd2
d6 9. Nde4 a6 10. f4 f5 11. Ng5 h6 12. Nf3 b6 13. Nh4 Bb7 14. Nd5 Kh7 15. a3 a5
16. e3 Nxd5 17. Bxd5 Qd7 18. Qf3 Rae8 19. Rb1 e4 20. dxe4 fxe4 21. Bxe4 Ne5 22.
Qg2 Bxe4 23. Qxe4 Qf7 24. b3 Kg8 25. Bb2 Ng4 26. Qxg6 Nxe3 27. Rfe1 Re6 28.
Qxg7+ Qxg7 29. Bxg7 Kxg7 30. f5 Re4 31. Re2 Rfe8 32. Rbe1 Kf7 33. Ng2 Nxg2 34.
Rxe4 Nxe1 35. Rg4 Nf3+ 36. Kf2 Nd4 37. Rf4 Re2+ 38. Kg1 Ra2 39. Rf1 Rxa3 40. g4
Rxb3 41. h4 Rg3+ 42. Kh2 Rxg4 43. Kh3 Rg8 44. Rb1 Nxf5 45. Rxb6 Ra8 46. Rb3 a4
47. Rf3 Ke6 48. Kg4 Rg8+ 49. Kh5 Rg3 50. Rf4 a3 51. Re4+ Kf7 52. Rf4 Kf6 53.
Re4 Re3 54. Rg4 a2 55. Rg2 a1=Q 56. Rg4 Ng3+ 57. Kxh6 Re8 58. Rg6+ Kf7 59. Kg5
Qd4 60. Rf6+ Qxf6+ 61. Kg4 Qg6+ 62. Kf3 Qd3+ 63. Kf4 Qxc4+ 64. Kf3 Ra8 65. h5
Ra3+ 66. Kg2 Qf1+ 67. Kh2 Qh1# 0-1

[Event "DEM U12 2022"]
[Site "Willingen GER"]
[Date "2022.06.08"]
[Round "5"]
[White "Schönherr, Stijn"]
[Black "Rempe, Lennik"]
[Result "1-0"]
[Termination "normal"]
[Board "30"]
[WhiteElo "1254"]
[BlackElo "1073"]
[PlyCount "113"]
[WhiteFideId "34611622"]
[BlackFideId "16248031"]
[EventCountry "GER"]
[EventRounds "9"]
[EventType "swiss"]
[EventDate "2022.06.04"]

1. e4 e5 2. Nf3 Nc6 3. d4 exd4 4. Nxd4 Bc5 5. Nb3 Bb6 6. a4 Qf6 7. Qf3 Qg6 8.
Nc3 Nd4 9. Nxd4 Bxd4 10. Nd5 Bb6 11. a5 c6 12. axb6 cxd5 13. Rxa7 dxe4 14. Qg3
Qxb6 15. Rxa8 Ne7 16. Qe5 Qc6 17. Bb5 Qxc2 18. O-O f6 19. Qc3 Qxc3 20. bxc3 O-O
21. Ba3 Re8 22. Bc4+ d5 23. Bb5 Nc6 24. Rb1 Kf7 25. Bxc6 bxc6 26. Rb6 Bd7 27.
Rxe8 Bxe8 28. Rb7+ Kg8 29. Re7 Bh5 30. Re6 Kf7 31. Rxc6 Be2 32. Rd6 Bc4 33. g3
f5 34. Kg2 g5 35. g4 f4 36. Bc1 Kg7 37. h4 h6 38. h5 Kh7 39. Rd7+ Kh8 40. Ba3
Kg8 41. Rd6 Kh7 42. Rg6 Be2 43. Bf8 Bxg4 44. Rd6 Bf3+ 45. Kf1 e3 46. Bxh6 e2+
47. Ke1 Be4 48. Kxe2 f3+ 49. Ke3 g4 50. Bf4 Bf5 51. Rxd5 Be6 52. Ke4 Kg7 53.
h6+ Kh7 54. Re5 Bc4 55. Re7+ Kh8 56. h7 g3 57. Be5# 1-0